Comparación entre los promedios dela prueba de aptitud académica y la prueba de habilidades cuantitativas de los estudiantes de la univerisad de Costa Rica /
Guardado en:
| Hovedforfatter: | |
|---|---|
| Andre forfattere: | |
| Format: | Texto |
| Tags: |
Tilføj Tag
Ingen Tags, Vær først til at tagge denne postø!
|
MARC
| LEADER | 00000 a a2200000 04500 | ||
|---|---|---|---|
| 001 | 47068 | ||
| 003 | |||
| 040 | |||
| 090 | |a REV0862 142(IV)2013 | ||
| 100 | |a Bolaños Barquero, Marianella | ||
| 245 | |a Comparación entre los promedios dela prueba de aptitud académica y la prueba de habilidades cuantitativas de los estudiantes de la univerisad de Costa Rica / |c Marinaella Bolaños Barquero; Luis Rojas Torres | ||
| 700 | |a Rojas Torres, Luis | ||
| 773 | |g volumen142, número4, (2013), páginas 101-115 | ||
| 999 | |c 35070 |d 35070 | ||
| 773 | 0 | |0 18728 |9 3006 |a Universidad de Costa Rica |d San José, Costa Rica Editorial UCR 1956- |o 16459 |t Revista de Ciencias Sociales/ |x 04825276 | |
